Market makers o especialistas del mercado bursátil / (Registro nro. 8327)

Detalles MARC
000 -LEADER
fixed length control field 00977nam a2200253Ia 4500
003 - CONTROL NUMBER IDENTIFIER
control field OSt
005 - DATE AND TIME OF LATEST TRANSACTION
control field 20210812095211.0
008 - FIXED-LENGTH DATA ELEMENTS--GENERAL INFORMATION
fixed length control field 210310s1998 ck fr 000 0 spa d
020 ## - INTERNATIONAL STANDARD BOOK NUMBER
International Standard Book Number 9588007178
040 ## - CATALOGING SOURCE
Original cataloging agency CO-JMCR
Transcribing agency CO-JMCR
041 0# - LANGUAGE CODE
Language code of text/sound track or separate title spa
082 04 - DEWEY DECIMAL CLASSIFICATION NUMBER
Classification number 332.62 /
Item number F156m
Edition number 23
100 1# - MAIN ENTRY--PERSONAL NAME
Personal name Fagua G., Néstor,
9 (RLIN) 16200
Relator term autor
245 10 - TITLE STATEMENT
Title Market makers o especialistas del mercado bursátil /
Statement of responsibility, etc. Néstor Fagua G.
250 ## - EDITION STATEMENT
Edition statement Primera edición
260 ## - PUBLICATION, DISTRIBUTION, ETC.
Place of publication, distribution, etc. Bogotá :
Name of publisher, distributor, etc. Superintendencia de Valores,
Date of publication, distribution, etc. 1998
300 ## - PHYSICAL DESCRIPTION
Extent 97 páginas ;
Dimensions 24 cm.
500 ## - GENERAL NOTE
General note Incluye notas a pie de página.
504 ## - BIBLIOGRAPHY, ETC. NOTE
Bibliography, etc. note Bibliografía: página 97
505 0# - FORMATTED CONTENTS NOTE
Formatted contents note Ubicación dentro del marco normativo colombiano -- Análisis comparativo de la experiencia internacional -- Diferencia entre los contratos de liquidez y los Market Markers -- Ubicación conceptual dentro del mercado local
650 14 - SUBJECT ADDED ENTRY--TOPICAL TERM
Topical term or geographic name entry element Corredores de bolsa
9 (RLIN) 16951
650 24 - SUBJECT ADDED ENTRY--TOPICAL TERM
Topical term or geographic name entry element Bolsa de valores
9 (RLIN) 5898
942 ## - ADDED ENTRY ELEMENTS (KOHA)
Source of classification or shelving scheme Dewey Decimal Classification
Koha item type Books
Existencias
Withdrawn status Lost status Source of classification or shelving scheme Damaged status Not for loan Collection code Home library Current library Date acquired Source of acquisition Full call number Barcode Date last seen Copy number Koha item type
    Dewey Decimal Classification     Non-fiction Biblioteca Pública José María del Castillo y Rada Biblioteca Pública José María del Castillo y Rada 04/15/2018 Donación 332.62 / F156m 430002845 05/16/2024 Ej.1 Books